000 01296cam a2200313 a 4500
999 _c128042
_d128042
001 1995976
003 ARRUPE
005 20180822140232.0
008 900706s1993 enk b 001 0 eng
010 _a 90005019
020 _a0710304161
040 _aDLC
_cDLC
_dDLC
041 1 _aeng
_hfre
050 0 0 _aB741
_b.C613 1993
082 0 0 _a181/.5
_220
100 1 _aCorbin, Henry.
_941819
240 1 0 _aHistoire de la philosophie islamique.
_lEnglish
245 1 0 _aHistory of Islamic philosophy /
_cHenry Corbin ; translated by Liadain Sherrard with the assistance of Philip Sherrard.
260 _aLondon ;
_aNew York :
_bRoutledge ;
_c2014
300 _axviii, 445 p. ;
_c24 cm.
500 _aTranslation of: Histoire de la philosophie islamique.
504 _aIncludes bibliographical references (p. 367-407) and index.
650 0 _aIslamic philosophy
_xHistory.
_941820
650 0 _aIslam
_xDoctrines
_xHistory.
_941821
906 _a7
_bcbc
_corignew
_d1
_eocip
_f19
_gy-gencatlg
942 _2lcc
_cMONOGRAPH